[Event "SVK-chT2D 10/11"]
[Site "Slovakia"]
[Date "2010.12.05"]
[Round "4.6"]
[White "Mrva, Vladimir"]
[Black "Mertens, Tomas"]
[Result "1-0"]
[WhiteElo "2130"]
[BlackElo "2050"]
[PlyCount "55"]
[EventDate "2010.10.23"]
[EventType "team-tourn"]
[EventRounds "11"]
[EventCountry "SVK"]
[SourceTitle "EXT 2019"]
[Source "ChessBase"]
[SourceDate "2018.10.10"]
[SourceVersion "1"]
[SourceVersionDate "2018.10.10"]
[SourceQuality "1"]
[WhiteTeam "Sabinov II"]
[BlackTeam "Michalovce Zemplin II"]
[WhiteTeamCountry "SVK"]
[BlackTeamCountry "SVK"]

1. e4 e5 2. Nf3 Nc6 3. Nc3 Bc5 4. Nxe5 Bxf2+ 5. Kxf2 Nxe5 6. d4 Qf6+ 7. Kg1 Ng4 8. Qd2 Ne7 9. h3 Nh6 10. Nb5 Qb6 11. Qc3 Kd8 12. Be3 d5 13. Bf4 Qc6 14. Nxc7 Qxc3 15. bxc3 Rb8 16. exd5 Bf5 17. Ne6+ fxe6 18. Bxb8 exd5 19. Bxa7 Bxc2 20. Bb6+ Kd7 21. Bb5+ Nc6 22. Kh2 Rf8 23. Rhf1 Rf5 24. Rxf5 Nxf5 25. Bc5 Be4 26. Re1 Nd6 27. Bxd6 Kxd6 28. Rf1 1-0

[Event "SVK-chT2D 0910"]
[Site "Slovakia"]
[Date "2010.02.27"]
[Round "10.1"]
[White "Sremanak, Slavomir"]
[Black "Mertens, Tomas"]
[Result "1-0"]
[WhiteElo "2149"]
[BlackElo "2072"]
[PlyCount "69"]
[EventDate "2009.10.10"]
[EventType "team"]
[EventRounds "11"]
[EventCountry "SVK"]
[SourceTitle "EXT 2011"]
[Source "ChessBase"]
[SourceDate "2010.11.26"]
[SourceVersion "1"]
[SourceVersionDate "2010.11.26"]
[SourceQuality "1"]
[WhiteTeam "Margecany"]
[BlackTeam "Michalovce Zemplin II"]
[WhiteTeamCountry "SVK"]
[BlackTeamCountry "SVK"]

1. Nf3 f5 2. d4 Nf6 3. c4 g6 4. Nc3 Bg7 5. Bg5 0-0 6. e3 d6 7. Bd3 Nc6 8. Bf4 a6 9. d5 Nb4 10. Bb1 e5 11. Bg5 a5 12. a3 Na6 13. b4 b6 14. Nd2 Bd7 15. bxa5 bxa5 16. e4 Nc5 17. f3 h6 18. Be3 Nb7 19. Bc2 fxe4 20. Ncxe4 Nxe4 21. Nxe4 Bf5 22. 0-0 Qe7 23. Rb1 Nd8 24. Qd2 Kh7 25. Rb5 a4 26. Rfb1 Nf7 27. Rb7 Bc8 28. R7b4 Bd7 29. c5 dxc5 30. Nxc5 Nd6 31. Nxd7 Qxd7 32. Rh4 Nf7 33. Rg4 Ra6 34. Qd3 Rf6 35. Rxg6 1-0

[Event "SVK-chT1E 0910"]
[Site "Slovakia"]
[Date "2009.10.17"]
[Round "1.5"]
[White "Mertens, Tomas"]
[Black "Ilkovic, Frantisek"]
[Result "1/2-1/2"]
[WhiteElo "2072"]
[BlackElo "2009"]
[PlyCount "48"]
[EventDate "2009.10.17"]
[EventType "team"]
[EventRounds "11"]
[EventCountry "SVK"]
[SourceTitle "EXT 2011"]
[Source "ChessBase"]
[SourceDate "2010.11.26"]
[SourceVersion "1"]
[SourceVersionDate "2010.11.26"]
[SourceQuality "1"]
[WhiteTeam "Michalovce Zemplin"]
[BlackTeam "Filakovo"]
[WhiteTeamCountry "SVK"]
[BlackTeamCountry "SVK"]

1. e4 e5 2. Nf3 Nc6 3. d4 exd4 4. Bc4 Be7 5. c3 Nf6 6. e5 Ne4 7. cxd4 d5 8. Bb5 0-0 9. 0-0 Bg4 10. Be3 Na5 11. h3 Bh5 12. Be2 Nc4 13. Qb3 b5 14. Rd1 a5 15. Nc3 Nxe3 16. fxe3 c6 17. Qc2 Nxc3 18. Qxc3 Rc8 19. Rac1 Bg6 20. a3 Qb6 21. Bd3 b4 22. Qb3 Bxd3 23. Qxd3 Rfd8 24. Qf5 c5 1/2-1/2

[Event "SVK-chT2D 0910"]
[Site "Slovakia"]
[Date "2009.10.11"]
[Round "2.4"]
[White "Veselovsky, Jan"]
[Black "Mertens, Tomas"]
[Result "1-0"]
[WhiteElo "2067"]
[BlackElo "2072"]
[PlyCount "45"]
[EventDate "2009.10.10"]
[EventType "team"]
[EventRounds "11"]
[EventCountry "SVK"]
[SourceTitle "EXT 2011"]
[Source "ChessBase"]
[SourceDate "2010.11.26"]
[SourceVersion "1"]
[SourceVersionDate "2010.11.26"]
[SourceQuality "1"]
[WhiteTeam "Magura Zborov"]
[BlackTeam "Michalovce Zemplin II"]
[WhiteTeamCountry "SVK"]
[BlackTeamCountry "SVK"]

1. e4 e5 2. Nf3 Nc6 3. d4 exd4 4. Nxd4 Bc5 5. Be3 Qf6 6. c3 b6 7. Bc4 Bb7 8. 0-0 0-0-0 9. f4 g6 10. e5 Qe7 11. b4 Bxd4 12. Bxd4 Nxd4 13. Qxd4 Nh6 14. a4 Nf5 15. Qd3 Kb8 16. a5 d5 17. Ba6 Bc8 18. axb6 cxb6 19. Nd2 d4 20. Nf3 dxc3 21. Qxc3 Rd7 22. Rac1 Rhd8 23. Qxc8+ 1-0

[Event "SVK-chT1E 0809"]
[Site "Slovakia"]
[Date "2009.03.07"]
[Round "10.6"]
[White "Kopnicky, Frantisek"]
[Black "Mertens, Tomas"]
[Result "0-1"]
[WhiteElo "1968"]
[BlackElo "2085"]
[PlyCount "54"]
[EventDate "2008.10.18"]
[EventType "team-tourn"]
[EventRounds "11"]
[EventCountry "SVK"]
[SourceTitle "EXT 2010"]
[Source "ChessBase"]
[SourceDate "2010.11.25"]
[SourceVersion "1"]
[SourceVersionDate "2010.11.25"]
[SourceQuality "1"]
[WhiteTeam "Svit SO"]
[BlackTeam "Michalovce Zemplin"]
[WhiteTeamCountry "SVK"]
[BlackTeamCountry "SVK"]

1. e4 e5 2. Nf3 Nc6 3. Bc4 Nf6 4. d3 h6 5. c3 d6 6. h3 g6 7. Bb3 Bg7 8. Nbd2 Qe7 9. 0-0 0-0 10. Re1 Be6 11. Nf1 Rad8 12. Ng3 Kh7 13. Be3 Ne8 14. Ba4 Bd7 15. Qe2 f5 16. exf5 gxf5 17. Bd2 f4 18. Nh5 Qf7 19. Nxg7 Qxg7 20. Kh2 Rg8 21. Rg1 Nf6 22. Bb3 Rgf8 23. Bc2 Rde8 24. d4+ e4 25. Bxf4 Ng4+ 26. hxg4 Rxf4 27. g3 Qxg4 0-1

[Event "SVK-chT1E 0809"]
[Site "Slovakia"]
[Date "2009.01.11"]
[Round "7.6"]
[White "Koval, Anton"]
[Black "Mertens, Tomas"]
[Result "1-0"]
[WhiteElo "2178"]
[BlackElo "2085"]
[PlyCount "47"]
[EventDate "2008.10.18"]
[EventType "team-tourn"]
[EventRounds "11"]
[EventCountry "SVK"]
[SourceTitle "EXT 2010"]
[Source "ChessBase"]
[SourceDate "2010.11.25"]
[SourceVersion "1"]
[SourceVersionDate "2010.11.25"]
[SourceQuality "1"]
[WhiteTeam "Bardejov BSK"]
[BlackTeam "Michalovce Zemplin"]
[WhiteTeamCountry "SVK"]
[BlackTeamCountry "SVK"]

1. e4 e5 2. Nf3 Nc6 3. Bb5 a6 4. Ba4 Nf6 5. 0-0 Nxe4 6. d4 b5 7. Bb3 d5 8. dxe5 Be6 9. c3 Be7 10. Qe2 0-0 11. Bc2 Nc5 12. Nd4 Qd7 13. f4 f5 14. Be3 Rad8 15. Nd2 Nxd4 16. cxd4 Ne4 17. Rac1 Rc8 18. Nb3 c6 19. a4 Qb7 20. Bd3 Qb6 21. axb5 cxb5 22. Rxc8 Rxc8 23. Bxe4 dxe4 24. d5 1-0

[Event "SVK-chT2D 0809"]
[Site "Slovakia"]
[Date "2008.12.06"]
[Round "5.6"]
[White "Mertens, Tomas"]
[Black "Juhar, Roman"]
[Result "1-0"]
[WhiteElo "2085"]
[BlackElo "2161"]
[PlyCount "55"]
[EventDate "2008.10.11"]
[EventType "team-tourn"]
[EventRounds "11"]
[EventCountry "SVK"]
[SourceTitle "EXT 2010"]
[Source "ChessBase"]
[SourceDate "2010.11.25"]
[SourceVersion "1"]
[SourceVersionDate "2010.11.25"]
[SourceQuality "1"]
[WhiteTeam "Michalovce Zemplin II"]
[BlackTeam "Kosice Akademik"]
[WhiteTeamCountry "SVK"]
[BlackTeamCountry "SVK"]

1. e4 d6 2. Nf3 e5 3. d4 Nc6 4. Be3 exd4 5. Nxd4 Bd7 6. Nc3 Nf6 7. f3 Be7 8. Qd2 a6 9. 0-0-0 b5 10. g4 0-0 11. Nf5 Bxf5 12. gxf5 Kh8 13. Qg2 Ne5 14. Bd4 Qc8 15. f4 Nc4 16. e5 Ne8 17. Rg1 Rg8 18. f6 dxe5 19. fxe5 c5 20. Nd5 Bd8 21. Bc3 Ra7 22. Bxc4 bxc4 23. Qe4 g6 24. Rg4 Qe6 25. Rh4 Rf8 26. Qf4 h5 27. Qh6+ Kg8 28. Rxh5 1-0

[Event "SVK-chT2D 0809"]
[Site "Slovakia"]
[Date "2008.11.09"]
[Round "4.6"]
[White "Konak, Jan"]
[Black "Mertens, Tomas"]
[Result "1-0"]
[WhiteElo "2122"]
[BlackElo "2085"]
[PlyCount "67"]
[EventDate "2008.10.11"]
[EventType "team-tourn"]
[EventRounds "11"]
[EventCountry "SVK"]
[SourceTitle "EXT 2010"]
[Source "ChessBase"]
[SourceDate "2010.11.25"]
[SourceVersion "1"]
[SourceVersionDate "2010.11.25"]
[SourceQuality "1"]
[WhiteTeam "Spisska Nova Ves"]
[BlackTeam "Michalovce Zemplin II"]
[WhiteTeamCountry "SVK"]
[BlackTeamCountry "SVK"]

1. d4 f5 2. Nf3 g6 3. b3 Bg7 4. Bb2 Nf6 5. g3 0-0 6. Bg2 d6 7. 0-0 c6 8. Nbd2 Qe8 9. Nc4 h6 10. a4 g5 11. Nfd2 f4 12. e4 d5 13. Ne5 Nbd7 14. Nxd7 Bxd7 15. e5 Nh7 16. Ba3 Be6 17. Bf3 Qd7 18. g4 b6 19. Re1 Rac8 20. b4 Rf7 21. h3 Nf8 22. Be2 f3 23. Bxf3 Ng6 24. Bg2 Rf4 25. c3 Nh4 26. f3 Rcf8 27. Rf1 h5 28. Qe2 Qe8 29. Kh1 Qf7 30. b5 cxb5 31. axb5 hxg4 32. fxg4 Nxg2 33. Kxg2 Bxg4 34. hxg4 1-0

[Event "SVK-chT2D 0708"]
[Site "Slovakia"]
[Date "2007.12.02"]
[Round "6.2"]
[White "Fedorko, Stefan"]
[Black "Mertens, Tomas"]
[Result "1/2-1/2"]
[WhiteElo "2150"]
[BlackElo "2044"]
[PlyCount "47"]
[EventDate "2007.10.06"]
[EventType "team-tourn"]
[EventRounds "11"]
[EventCountry "SVK"]
[SourceTitle "EXT 2010"]
[Source "ChessBase"]
[SourceDate "2010.11.25"]
[SourceVersion "1"]
[SourceVersionDate "2010.11.25"]
[SourceQuality "1"]
[WhiteTeam "Bardejov BSK"]
[BlackTeam "Michalovce Zemplin II"]
[WhiteTeamCountry "SVK"]
[BlackTeamCountry "SVK"]

1. d4 f5 2. c4 Nf6 3. Nc3 g6 4. Nf3 Bg7 5. g3 0-0 6. Bg2 d6 7. 0-0 Nc6 8. d5 Ne5 9. Nxe5 dxe5 10. Qb3 Kh8 11. Rd1 h6 12. c5 g5 13. Bd2 a6 14. Rac1 Rb8 15. a4 Qe8 16. Qc4 Qh5 17. b4 e4 18. f3 Nd7 19. f4 gxf4 20. gxf4 Nf6 21. e3 Ng4 22. h3 Nf6 23. Be1 Qf7 24. Bf1 1/2-1/2

[Event "SVK-chT2D 0708"]
[Site "Slovakia"]
[Date "2007.11.04"]
[Round "4.33"]
[White "Jurcisin, Imrich"]
[Black "Mertens, Tomas"]
[Result "1-0"]
[WhiteElo "2092"]
[BlackElo "2044"]
[PlyCount "79"]
[EventDate "2007.10.06"]
[EventType "team-tourn"]
[EventRounds "11"]
[EventCountry "SVK"]
[SourceTitle "EXT 2010"]
[Source "ChessBase"]
[SourceDate "2010.11.25"]
[SourceVersion "1"]
[SourceVersionDate "2010.11.25"]
[SourceQuality "1"]
[WhiteTeam "Kosice Slavia UPJS IV"]
[BlackTeam "Michalovce Zemplin II"]
[WhiteTeamCountry "SVK"]
[BlackTeamCountry "SVK"]

1. e4 e5 2. Nf3 Nc6 3. Bb5 a6 4. Ba4 Nf6 5. 0-0 Nxe4 6. d4 b5 7. Bb3 d5 8. dxe5 Be6 9. c3 Be7 10. Nbd2 Nxd2 11. Qxd2 Na5 12. Bc2 c5 13. Qf4 Nc6 14. Qg3 g6 15. Bh6 Bf8 16. Bg5 Be7 17. Bh6 Bf8 18. Qf4 Bxh6 19. Qxh6 Qe7 20. Qg7 0-0-0 21. Rfe1 Bg4 22. Qh6 Bxf3 23. Qh3+ Qd7 24. Qxf3 Rhe8 25. Qg3 h5 26. f4 d4 27. Rad1 Qa7 28. Be4 Ne7 29. Qf2 dxc3 30. bxc3 Rxd1 31. Rxd1 Rd8 32. Rd6 Rxd6 33. exd6 Nf5 34. Bxf5+ gxf5 35. Qe3 Qd7 36. Qxc5+ Kb7 37. Qd5+ Kb6 38. Kf2 h4 39. Ke3 Qe6+ 40. Kd4 1-0

[Event "SVK-ch op-A"]
[Site "Banska Stiavnica"]
[Date "2007.07.14"]
[Round "8.48"]
[White "Grof, Stefan"]
[Black "Mertens, Tomas"]
[Result "0-1"]
[WhiteElo "2063"]
[BlackElo "1982"]
[PlyCount "88"]
[EventDate "2007.07.07"]
[EventType "swiss"]
[EventRounds "9"]
[EventCountry "SVK"]
[SourceTitle "EXT 2010"]
[Source "ChessBase"]
[SourceDate "2010.11.25"]
[SourceVersion "1"]
[SourceVersionDate "2010.11.25"]
[SourceQuality "1"]

1. Nf3 d5 2. d4 e6 3. Bf4 Nf6 4. e3 c5 5. c3 Be7 6. h3 Nc6 7. Bd3 0-0 8. Nbd2 a6 9. Ne5 Nd7 10. Nxc6 bxc6 11. Nf3 cxd4 12. exd4 c5 13. 0-0 Bb7 14. Qe2 cxd4 15. Nxd4 Bf6 16. Nf3 Nc5 17. Bc2 a5 18. Rfe1 Ba6 19. Qe3 Nd7 20. Rab1 Nb6 21. b3 Rc8 22. Be5 Bxe5 23. Nxe5 d4 24. Qd2 dxc3 25. Qe3 Nd5 26. Qa7 Nb4 27. Rbc1 Qc7 28. Qxc7 Rxc7 29. a3 Nxc2 30. Rxc2 f6 31. Nf3 Bd3 32. Rcc1 e5 33. Re3 e4 34. Ne1 Rd8 35. f3 f5 36. fxe4 fxe4 37. b4 axb4 38. axb4 c2 39. g4 Rc3 40. Ng2 Rb8 41. Nf4 Rxb4 42. Nd5 Rb1 43. Ree1 Ra3 44. Kf2 Raa1 0-1

[Event "SVK-ch op-A"]
[Site "Banska Stiavnica"]
[Date "2007.07.08"]
[Round "2.35"]
[White "Bojda, Lubomir"]
[Black "Mertens, Tomas"]
[Result "1/2-1/2"]
[WhiteElo "2186"]
[BlackElo "1982"]
[PlyCount "65"]
[EventDate "2007.07.07"]
[EventType "swiss"]
[EventRounds "9"]
[EventCountry "SVK"]
[SourceTitle "EXT 2010"]
[Source "ChessBase"]
[SourceDate "2010.11.25"]
[SourceVersion "1"]
[SourceVersionDate "2010.11.25"]
[SourceQuality "1"]

1. d4 f5 2. e4 fxe4 3. Nc3 Nf6 4. Bg5 e6 5. Qd2 d5 6. f3 e3 7. Qxe3 Be7 8. h4 c5 9. Bb5+ Nc6 10. Nge2 0-0 11. 0-0-0 cxd4 12. Nxd4 Nxd4 13. Qxd4 Bd7 14. Qe5 Qb6 15. Bxd7 Nxd7 16. Qe2 Bf6 17. Bxf6 Rxf6 18. h5 Rc8 19. h6 g6 20. Rhe1 Qb4 21. Qe3 Nb6 22. a3 Qf8 23. Kb1 Nc4 24. Qd4 Rc6 25. Nxd5 exd5 26. Qxd5+ Kh8 27. Qd8 Nd6 28. Qe7 Qxe7 29. Rxe7 Rc8 30. Rd7 Nf7 31. Rxb7 Nxh6 32. Rdd7 Kg8 33. Rg7+ 1/2-1/2

[Event "SVK-ch U18"]
[Site "Liptovsky Mikulas"]
[Date "2007.04.25"]
[Round "6"]
[White "Kordos, Adam"]
[Black "Mertens, Tomas"]
[Result "0-1"]
[WhiteElo "1518"]
[BlackElo "1969"]
[PlyCount "56"]
[EventDate "2007.04.22"]
[EventType "swiss"]
[EventRounds "9"]
[EventCountry "SVK"]
[SourceTitle "EXT 2008"]
[Source "ChessBase"]
[SourceDate "2007.11.25"]
[SourceVersion "1"]
[SourceVersionDate "2007.11.25"]
[SourceQuality "1"]

1. e4 e5 2. f4 Bc5 3. Nf3 d6 4. Bc4 Nf6 5. Nc3 c6 6. fxe5 dxe5 7. Nxe5 Qd4 8. Nd3 Qxc4 9. Nxc5 Qxc5 10. d4 Qh5 11. Qd3 0-0 12. Bf4 Be6 13. 0-0 Nbd7 14. a4 Rfe8 15. Ne2 Rad8 16. Ng3 Qg6 17. Qe2 Bg4 18. Qe3 Nxe4 19. Nxe4 Rxe4 20. Qc3 Nf6 21. Be3 Nd5 22. Qa5 b6 23. Qxa7 Nxe3 24. Qxb6 Rde8 25. Rfc1 Nd5 26. Qc5 Bh3 27. g3 Re2 28. Qa5 Qe4 0-1

[Event "SVK-ch U18"]
[Site "Liptovsky Mikulas"]
[Date "2007.04.23"]
[Round "2"]
[White "Mertens, Tomas"]
[Black "Urban, Gabor"]
[Result "0-1"]
[WhiteElo "1969"]
[BlackElo "1917"]
[PlyCount "166"]
[EventDate "2007.04.22"]
[EventType "swiss"]
[EventRounds "9"]
[EventCountry "SVK"]
[SourceTitle "EXT 2008"]
[Source "ChessBase"]
[SourceDate "2007.11.25"]
[SourceVersion "1"]
[SourceVersionDate "2007.11.25"]
[SourceQuality "1"]

1. e4 c6 2. d4 d5 3. e5 Bf5 4. Nf3 e6 5. Be2 Nd7 6. 0-0 Ne7 7. c3 Qb6 8. Qa4 c5 9. dxc5 Qxc5 10. Be3 Qc7 11. Bb5 Nc6 12. Nbd2 Be7 13. Bxc6 bxc6 14. Nd4 Bd3 15. Rfe1 c5 16. N4f3 0-0 17. Qg4 Kh8 18. Bf4 Rab8 19. b3 c4 20. b4 a5 21. a3 Rb7 22. Nd4 Ra8 23. Rac1 Nf8 24. h4 Ng6 25. Bg3 axb4 26. axb4 Rb6 27. h5 Nf8 28. Qf4 Bd8 29. N2f3 h6 30. Qg4 Ra2 31. Bf4 Nh7 32. Be3 Qd7 33. Qg3 Rb8 34. Red1 Rba8 35. Ne1 Be2 36. Nxe2 Rxe2 37. Ra1 Raa2 38. Rxa2 Rxa2 39. Nf3 Qa4 40. Rd4 Ra1+ 41. Kh2 Rd1 42. Rxd1 Qxd1 43. Bd2 Qe2 44. Kg1 Bb6 45. Qh4 Nf8 46. Be1 Nd7 47. Qf4 Kg8 48. g3 Bc7 49. Kg2 Nxe5 50. Nxe5 Bxe5 51. Qe3 Qxe3 52. fxe3 g6 53. hxg6 fxg6 54. Kf3 Kf7 55. Bd2 Kf6 56. Be1 h5 57. Bd2 Kf5 58. Be1 g5 59. b5 g4+ 60. Ke2 Ke4 61. b6 Bb8 62. Bf2 e5 63. Bg1 Kf5 64. Bf2 e4 65. Be1 Ke6 66. Bf2 Kd7 67. Kd2 Kc6 68. Kc2 Kxb6 69. Kb2 Bd6 70. Kc2 Kc6 71. Kd2 Kd7 72. Ke2 Ke6 73. Kf1 Kf5 74. Kg2 Be5 75. Be1 Kg5 76. Kf1 h4 77. gxh4+ Kh5 78. Kg2 Bf6 79. Bd2 Bxh4 80. Kg1 Bg3 81. Kg2 Kh4 82. Kg1 Kh3 83. Kf1 Kh2 0-1

[Event "SVK-chT2D 0607"]
[Site "Slovakia"]
[Date "2006.12.17"]
[Round "6.3"]
[White "Harvan, Martin"]
[Black "Mertens, Tomas"]
[Result "1/2-1/2"]
[WhiteElo "2141"]
[BlackElo "1954"]
[PlyCount "98"]
[EventDate "2006.10.14"]
[EventType "team-tourn"]
[EventRounds "11"]
[EventCountry "SVK"]
[SourceTitle "EXT 2008"]
[Source "ChessBase"]
[SourceDate "2007.11.25"]
[SourceVersion "1"]
[SourceVersionDate "2007.11.25"]
[SourceQuality "1"]
[WhiteTeam "Humenne Reinter"]
[BlackTeam "Michalovce Zemplin II"]
[WhiteTeamCountry "SVK"]
[BlackTeamCountry "SVK"]

1. e4 e5 2. Nf3 Nc6 3. Bc4 Nf6 4. d3 h6 5. Nc3 d6 6. h3 g6 7. Be3 Bg7 8. Qd2 Bd7 9. a3 a6 10. 0-0-0 Na5 11. Ba2 c5 12. g4 Ng8 13. g5 h5 14. Nh4 Ne7 15. f4 Be6 16. Nd5 Nac6 17. Rdf1 Bxd5 18. exd5 Nd4 19. Bxd4 cxd4 20. f5 gxf5 21. Nxf5 Nxf5 22. Rxf5 f6 23. h4 Qe7 24. Qa5 fxg5 25. hxg5 Rf8 26. Rxf8+ Qxf8 27. Qb6 Qe7 28. Rxh5 Kf7 29. Bb3 Rh8 30. Rxh8 Bxh8 31. Kb1 Kg6 32. Bc4 Kxg5 33. a4 Bf6 34. Qa7 Kf5 35. Qb8 Qd7 36. Qg8 Bg7 37. Bb3 Kf6 38. c3 dxc3 39. bxc3 Qf7 40. Qc8 Qe7 41. Bc2 Kf7 42. Bd1 Bf8 43. Bg4 Kg7 44. Be6 Kf6 45. Bg4 Kg7 46. Bh3 Qf7 47. Qg4+ Qg6 48. Qxg6+ Kxg6 49. Bc8 b6 1/2-1/2

[Event "Piestany Pressburg op"]
[Site "Piestany"]
[Date "2006.11.17"]
[Round "4"]
[White "Blazek, Milos"]
[Black "Mertens, Tomas"]
[Result "1-0"]
[WhiteElo "2116"]
[BlackElo "1969"]
[PlyCount "59"]
[EventDate "2006.11.15"]
[EventType "swiss"]
[EventRounds "7"]
[EventCountry "SVK"]
[SourceTitle "EXT 2008"]
[Source "ChessBase"]
[SourceDate "2007.11.25"]
[SourceVersion "1"]
[SourceVersionDate "2007.11.25"]
[SourceQuality "1"]

1. e4 e5 2. Nf3 Nc6 3. Bb5 a6 4. Ba4 Nf6 5. 0-0 Nxe4 6. d4 b5 7. Bb3 d5 8. dxe5 Be6 9. Qe2 Be7 10. Rd1 Nc5 11. c3 0-0 12. Nbd2 Qd7 13. Bc2 f6 14. exf6 Bxf6 15. Nb3 Nxb3 16. axb3 Bf5 17. Bxf5 Qxf5 18. Qd3 Qxd3 19. Rxd3 Rfd8 20. Bg5 Kf7 21. Rad1 Ne7 22. Bxf6 Kxf6 23. Nd4 Rd6 24. Rf3+ Kg6 25. Re1 Nc6 26. Ne6 Rc8 27. Rg3+ Kf7 28. Rxg7+ Kf6 29. Rxh7 Kg6 30. Rxc7 1-0

[Event "Piestany Pressburg op"]
[Site "Piestany"]
[Date "2006.11.17"]
[Round "3"]
[White "Borkovec, Milan"]
[Black "Mertens, Tomas"]
[Result "1/2-1/2"]
[WhiteElo "2266"]
[BlackElo "1969"]
[PlyCount "76"]
[EventDate "2006.11.15"]
[EventType "swiss"]
[EventRounds "7"]
[EventCountry "SVK"]
[SourceTitle "EXT 2008"]
[Source "ChessBase"]
[SourceDate "2007.11.25"]
[SourceVersion "1"]
[SourceVersionDate "2007.11.25"]
[SourceQuality "1"]

1. e4 e5 2. Nf3 Nc6 3. Bb5 a6 4. Ba4 Nf6 5. 0-0 Nxe4 6. Qe2 Nc5 7. Bxc6 dxc6 8. d4 Ne6 9. dxe5 Bc5 10. Be3 Qe7 11. Nc3 Bd7 12. Rad1 0-0-0 13. a3 Kb8 14. Bxc5 Qxc5 15. Ne4 Qe7 16. c4 Bc8 17. Qe3 h6 18. b4 Rxd1 19. Rxd1 Rd8 20. Rd2 Rxd2 21. Qxd2 Qd7 22. Qxd7 Bxd7 23. Kf1 b6 24. c5 Kb7 25. g3 a5 26. Ke2 axb4 27. axb4 Ka6 28. Kd3 Kb5 29. cxb6 cxb6 30. Kc3 c5 31. bxc5 Nxc5 32. Nd4+ Ka6 33. Nd6 f6 34. f4 fxe5 35. fxe5 b5 36. N6f5 Bxf5 37. Nxf5 Ne6 38. Nd4 Nxd4 1/2-1/2

[Event "SVK-chT2D 0607"]
[Site "Slovakia"]
[Date "2006.10.14"]
[Round "1.1"]
[White "Svana, Kamil"]
[Black "Mertens, Tomas"]
[Result "0-1"]
[WhiteElo "2034"]
[BlackElo "1954"]
[PlyCount "90"]
[EventDate "2006.10.14"]
[EventType "team-tourn"]
[EventRounds "11"]
[EventCountry "SVK"]
[SourceTitle "EXT 2008"]
[Source "ChessBase"]
[SourceDate "2007.11.25"]
[SourceVersion "1"]
[SourceVersionDate "2007.11.25"]
[SourceQuality "1"]
[WhiteTeam "Spisska Nova Ves"]
[BlackTeam "Michalovce Zemplin II"]
[WhiteTeamCountry "SVK"]
[BlackTeamCountry "SVK"]

1. e4 e5 2. Nf3 Nc6 3. Bb5 a6 4. Ba4 Nf6 5. 0-0 Nxe4 6. d4 b5 7. Bb3 d5 8. dxe5 Be6 9. Nbd2 Nc5 10. c3 Nxb3 11. Nxb3 Be7 12. Nbd4 Nxd4 13. Nxd4 Qd7 14. Nxe6 fxe6 15. Qh5+ g6 16. Qh6 Bf8 17. Qh3 Bg7 18. Bh6 0-0 19. Bxg7 Kxg7 20. f4 c5 21. Rad1 Rad8 22. Rd3 Qc6 23. Qh4 Rd7 24. Qg4 Kg8 25. h4 Rg7 26. Qf3 Qb6 27. Kh2 b4 28. cxb4 cxb4 29. Rc1 Rc7 30. Rxc7 Qxc7 31. h5 Qc4 32. g3 Qxa2 33. h6 Qxb2+ 34. Kh3 Qc2 35. Qe3 Qc7 36. Rd1 Qf7 37. Rc1 Qf5+ 38. Kh2 Qh5+ 39. Kg2 Qxh6 40. Qb6 g5 41. fxg5 Qg6 42. Qxb4 Qxg5 43. Rc7 Qxe5 44. Qe7 Qe2+ 45. Kh3 Qf1+ 0-1

[Event "SVK-ch U16"]
[Site "Brezova pod Bradlom"]
[Date "2006.03.09"]
[Round "8"]
[White "Povalac, Stefan"]
[Black "Mertens, Tomas"]
[Result "0-1"]
[WhiteElo "1484"]
[BlackElo "2005"]
[PlyCount "46"]
[EventDate "2006.03.05"]
[EventType "swiss"]
[EventRounds "9"]
[EventCountry "SVK"]
[SourceTitle "EXT 2008"]
[Source "ChessBase"]
[SourceDate "2007.11.25"]
[SourceVersion "1"]
[SourceVersionDate "2007.11.25"]
[SourceQuality "1"]

1. e4 e5 2. Nc3 Bc5 3. Bc4 Nf6 4. Nd5 0-0 5. Nxf6+ Qxf6 6. Qf3 Qg6 7. d3 Nc6 8. Ne2 d6 9. h3 Be6 10. Bb3 Bxb3 11. axb3 Nb4 12. Kd1 f5 13. Be3 Bxe3 14. fxe3 fxe4 15. Qxe4 Qxe4 16. dxe4 Rf2 17. Rg1 Nxc2 18. Kxc2 Rxe2+ 19. Kd3 Rxb2 20. Kc3 Rf2 21. Kd3 a6 22. Raf1 Raf8 23. Rxf2 Rxf2 0-1

[Event "SVK-ch U16"]
[Site "Brezova pod Bradlom"]
[Date "2006.03.07"]
[Round "5"]
[White "Mertens, Tomas"]
[Black "Vrabel, Michal"]
[Result "1/2-1/2"]
[WhiteElo "2005"]
[BlackElo "1677"]
[PlyCount "40"]
[EventDate "2006.03.05"]
[EventType "swiss"]
[EventRounds "9"]
[EventCountry "SVK"]
[SourceTitle "EXT 2008"]
[Source "ChessBase"]
[SourceDate "2007.11.25"]
[SourceVersion "1"]
[SourceVersionDate "2007.11.25"]
[SourceQuality "1"]

1. e4 c5 2. Nf3 d6 3. d4 cxd4 4. Nxd4 Nf6 5. Nc3 g6 6. f4 Nc6 7. Nf3 Qc7 8. Bd3 Bg7 9. 0-0 0-0 10. h3 b5 11. Qe1 Nb4 12. Be3 Nxd3 13. cxd3 Ba6 14. Qd2 b4 15. Ne2 Nd7 16. Rfd1 Nc5 17. Bxc5 dxc5 18. Rac1 Qb6 19. Kh1 Rfd8 20. Qc2 Rac8 1/2-1/2